Oldest College Football Team in Each State - Statistics

General Stats
  • This quiz has been taken 40 times
  • The average score is 39 of 41
Answer Stats
Hint Answer % Correct
Connecticut Connecticut
100%
Florida Florida
100%
Arizona Arizona State
97%
Arkansas Arkansas
97%
Alabama Auburn
97%
California California
97%
Colorado Colorado
97%
Georgia Georgia
97%
Hawaii Hawaii
97%
Iowa Iowa State
97%
Kansas Kansas
97%
Massachusetts Massachusetts
97%
Minnesota Minnesota
97%
Ohio Ohio State
97%
Oklahoma Oklahoma
97%
Texas Texas
97%
Utah Utah
97%
Virginia Virginia
97%
Idaho Boise State
95%
Michigan Michigan
95%
Mississippi Mississippi State
95%
Missouri Missouri
95%
Nebraska Nebraska
95%
Nevada Nevada
95%
New Mexico New Mexico
95%
Oregon Oregon State
95%
Pennsylvania Penn State
95%
Washington Washington
95%
West Virginia West Virginia
95%
Wisconsin Wisconsin
95%
Wyoming Wyoming
95%
Kentucky Louisville
92%
North Carolina North Carolina State
92%
Illinois Northwestern
92%
New Jersey Rutgers
92%
Indiana Purdue
89%
South Carolina Clemson
87%
Maryland Navy
87%
Tennessee Vanderbilt
87%
Louisiana Tulane
82%
New York Army
74%
No matching quizzes found
Score Distribution
Percent of People with Each Score
Percentile by Number Answered
Your Score History
You have not taken this quiz